000 00508nam a2200181Ia 4500
005 20250326123715.0
008 250326s9999 xx 000 0 und d
037 _aTextbook
040 _aFMSL
_beng
_cFMSL
041 _aeng
_2eng
084 _aX3obD658(2:55) P0
_qFMSL
100 _aRai A N
_9494296
245 0 _aCommunication in the digital age
_cRai A N
260 _aDelhi
_bDelhi, Authors
_c2000
300 _a361p
942 _cTB
_hX3obD658(2:55) P0
999 _c1270586
_d1270586